Hat Trick MotoGP - Statistiques

Statistiques générales
  • Ce quiz a été pris 27 fois
  • Le résultat moyen est 15 sur 63
Statistiques - réponses
Hat-trick
MotoGP
Hat-trick
Moto2
Hat-trick
Moto3
Total Pilotes Pays % Correct
24 2 26 Valentino Rossi Italie
100%
33 3 3 39 Marc Marquez Espagne
96%
1 3 4 Alex Marquez Espagne
91%
6 1 7 Francesco Bagnaia Italie
78%
1 1 2 Fabio Quartararo France
74%
9 4 1 14 Jorge Lorenzo Espagne
70%
14 14 Casey Stoner Australie
65%
3 1 4 Johann Zarco France
61%
1 1 Jorge Martin Espagne
57%
1 1 2 4 Andrea Dovizioso Italie
52%
8 5 1 14 Dani Pedrosa Epagne
52%
1 1 Marco Bezzecchi Italie
52%
1 1 Aleix Espargaro Espagne
39%
1 1 Alex Rins Espagne
39%
1 1 Pedro Acosta Espagne
39%
4 4 Pol Espargaro Espagne
39%
3 3 Franco Morbidelli Italie
35%
1 1 Miguel Oliveira Portugal
35%
2 2 4 Maverick Viñales Espagne
30%
3 1 4 Raul Fernandez Espagne
30%
1 1 Augusto Fernandez Espagne
26%
1 1 Diogo Moreira Brésil
26%
2 2 Fermin Aldeguer Espagne
26%
3 18 21 Max Biaggi Italie
26%
1 1 Julian Simon Espagne
22%
2 5 1 8 Loris Capirossi Italie
22%
1 1 Somkiat Chantra Thaïlande
22%
1 3 1 5 Andrea Iannone Italie
17%
2 2 Kenny Roberts Jr USA
17%
1 1 Marco Simoncelli Italie
17%
1 1 Alex Barros Brésil
13%
3 3 Olivier Jacque France
13%
1 1 Remy Gardner Australie
13%
2 2 Celestino Vietti Italie
9%
1 1 Jake Dixon Royaume-Uni
9%
1 1 José Antonio Rueda Espagne
9%
1 1 Makoto Tamada Japon
9%
1 4 5 Alvaro Bautista Espagne
4%
1 1 Aron Canet Espagne
4%
5 5 Daijiro Kato Japon
4%
1 1 Danny Kent Royaume-Uni
4%
2 2 Gabor Talmacsi Hongrie
4%
2 2 Hiroshi Aoyama Japon
4%
1 1 Izan Guevara Espagne
4%
2 2 Manuel Gonzalez Espagne
4%
1 1 Marco Melandri Italie
4%
2 2 Mika Kallio Finlande
4%
3 3 Nicolas Terol Espagne
4%
3 3 Sam Lowes Royaume-Uni
4%
2 2 Sandro Cortese Allemagne
4%
1 1 Alex De Angelis Saint-Marin
0%
4 4 Esteve Rabat Espagne
0%
1 1 Fonsi Nieto Espagne
0%
1 1 Hector Barbera Espagne
0%
1 1 Lorenzo Baldassarri Italie
0%
2 2 Mattia Pasini Italie
0%
4 4 Ralf Waldmann Allemagne
0%
2 2 Roberto Locatelli Italie
0%
2 2 Sebastian Porto Argentine
0%
1 1 Simone Corsi Italie
0%
6 6 Tetsuya Harada Japon
0%
2 2 Toni Elias Espagne
0%
3 3 Youichi Ui Japon
0%
Aucun quiz correspondant
Distribution des résultats
% des personnes avec chaque résultat
Percentile par nombre de réponses
Votre historique - résultats
Vous n’avez pas pris ce quiz